| 000 | 00497nam a22001457a 4500 | ||
|---|---|---|---|
| 020 | _a978-1-4054-8730-6 | ||
| 082 |
_a823 _bPEY/B |
||
| 100 | _aPEYMANI, CHRISTINE | ||
| 245 | _aBRATZ PIXIE POWER | ||
| 260 |
_aUNITED KINGDOM _bPARRAGON _c2007 |
||
| 300 | _a123 | ||
| 520 | _aFriends Jade, Cloe, Yasmin, and Sasha meet sisters Cymbeline and Breeana, two fairies who are entangled in a plot by the dark fairies to take over the world. | ||
| 650 |
_aCHILDREN'S STORY BOOK _zUNITED KINGDOM |
||
| 942 | _cBK | ||
| 999 |
_c7615 _d7615 |
||